Państwa wyspiarskie Ameryki Północnej - Statystyki

Ogólne statystyki
  • Ten quiz został rozwiązany 86 razy
    80 od ostatniego zresetowania
  • Średni wynik to 11 z 13
Statystyki odpowiedzi
Państwo % Poprawnych
Dominika
96%
Dominikana
96%
Kuba
95%
Haiti
93%
Jamajka
93%
Bahamy
89%
Saint Vincent i Grenadyny
88%
Grenada
85%
Saint Lucia
82%
Antigua i Barbuda
81%
Barbados
79%
Saint Kitts i Nevis
79%
Trynidad i Tobago
79%
Nie znaleziono quizów pasujących do podanych kryteriów
Rozkład punktacji
Procent ludzi z każdym wynikiem
Percentyl według liczby udzielonych odpowiedzi
Twoja historia wyników
Nie rozwiązałeś tego quizu od ostatniego zresetowania